| 000 | 01516nam a2200325 a 4500 | ||
|---|---|---|---|
| 005 | 20160123125637.0 | ||
| 008 | 151026m19952005mx a gr 00010 spa d | ||
| 020 | _a9683642772 (v.1) | ||
| 020 | _a9683644473 (v.2) | ||
| 020 | _a9683644589 (v.3) | ||
| 020 | _a9683642780 (obra completa) | ||
| 040 |
_aCO-BoBLA _cCO-BoBLA _dCO-BoIAVH |
||
| 041 | 0 | _aspa | |
| 082 | 0 | 4 |
_a570.9 _bP21f |
| 100 | 1 | _aPapavero, Nelson | |
| 245 | 1 | 0 |
_aHistoria de la Biología comparada : _bdesde el génesis hasta el siglo de las luces / _cNelson Papavero, Jorge Llorente-Bousquets, David Espinosa Organista. |
| 260 |
_aMéxico D. F : _bUniversidad Nacional Autonoma de México, _c1995-2005. |
||
| 300 |
_a3 volúmenes : _bilustraciones ; _c23 cm. |
||
| 505 | 0 | _aVolumen 1.: Del génesis a la caída del imperio romano de occidente. -- Volumen 2.: La edad media : desde la caída del Imperio Romano de Occidente hasta la caída del Imperio Romano de Oriente. -- Volumen 3.: De Nicolás de Cusa a Francis Bacon (1493-1634). | |
| 650 | 1 | 4 |
_aBiología _x Historia. |
| 650 | 2 | 4 |
_aBiología _x Estudios comparados. |
| 650 | 4 |
_aBotánica _v Biografías. |
|
| 650 | 2 | 4 | _aHistoria natural |
| 650 | 2 | 4 |
_aExpediciones científicas _x Historia. |
| 650 | 2 | 4 |
_aCiencia _x Historia. |
| 700 | 1 |
_aLlorente Bousquets, Jorge, _eautor. |
|
| 700 | 1 |
_aEspinosa Organista, David, _eautor. |
|
| 942 |
_2ddc _cLIBRO |
||
| 949 |
_an _bn |
||
| 999 |
_c1412 _d1412 |
||